Home economics literacy (Record no. 5074)

MARC details
000 -LEADER
fixed length control field 00663nam a22001937a 4500
003 - CONTROL NUMBER IDENTIFIER
control field OSt
005 - DATE AND TIME OF LATEST TRANSACTION
control field 20251204080511.0
008 - FIXED-LENGTH DATA ELEMENTS--GENERAL INFORMATION
fixed length control field 251023b |||||||| |||| 00| 0 eng d
020 ## - INTERNATIONAL STANDARD BOOK NUMBER
International Standard Book Number 978-621-8035-553
040 ## - CATALOGING SOURCE
Original cataloging agency DWC-Main lib.
Transcribing agency OC
082 ## - DEWEY DECIMAL CLASSIFICATION NUMBER
Classification number Fil. 640 D361m 2020
100 ## - MAIN ENTRY--PERSONAL NAME
Personal name Cecilia Delos Reyes
245 ## - TITLE STATEMENT
Title Home economics literacy
Remainder of title : a guide for teaching technology and livelihood education/
Statement of responsibility, etc. Cecilia Delos Reyes
260 ## - PUBLICATION, DISTRIBUTION, ETC.
Place of publication, distribution, etc. Quezon City
Name of publisher, distributor, etc. : Lorimar Publishing inc.
Date of publication, distribution, etc. , c2020.
300 ## - PHYSICAL DESCRIPTION
Extent xviii, 142 pages
Other physical details : illustrations
Dimensions ; 26cm.
504 ## - BIBLIOGRAPHY, ETC. NOTE
Bibliography, etc. note Includes bibliographical references
650 ## - SUBJECT ADDED ENTRY--TOPICAL TERM
Topical term or geographic name entry element Home management
942 ## - ADDED ENTRY ELEMENTS (KOHA)
Source of classification or shelving scheme Dewey Decimal Classification
Koha item type Book-Filipiniana
Call number prefix Fil.
Suppress in OPAC No
952 ## - LOCATION AND ITEM INFORMATION (KOHA)
--
952 ## - LOCATION AND ITEM INFORMATION (KOHA)
--
952 ## - LOCATION AND ITEM INFORMATION (KOHA)
--
952 ## - LOCATION AND ITEM INFORMATION (KOHA)
--
952 ## - LOCATION AND ITEM INFORMATION (KOHA)
--
Holdings
Withdrawn status Lost status Source of classification or shelving scheme Damaged status Not for loan Home library Current library Shelving location Date acquired Source of acquisition Cost, normal purchase price Total Checkouts Full call number Barcode Date last seen Copy number Price effective from Koha item type Uniform Resource Identifier
    Dewey Decimal Classification     College Library College Library Filipiniana 01/19/2022 School Fund 350.00   Fil. 640 D361m 2020 CL53164 10/23/2025 c5 10/23/2025 BK - FIL
    Dewey Decimal Classification     College Library College Library Filipiniana 01/19/2022 School Fund 350.00   Fil. 640 D361m 2020 CL53163 10/23/2025 c4 10/23/2025 BK - FIL
    Dewey Decimal Classification     College Library College Library Filipiniana 01/19/2022 School Fund 350.00   Fil. 640 D361m 2020 CL52801 10/23/2025 c3 10/23/2025 BK - FIL
    Dewey Decimal Classification     College Library College Library Filipiniana 01/19/2022 School Fund 350.00   Fil. 640 D361m 2020 CL52802 10/23/2025 c2 10/23/2025 BK - FIL
    Dewey Decimal Classification     College Library College Library Filipiniana 01/19/2022 School Fund 350.00   Fil. 640 D361m 2020 CL52800 10/23/2025 c1 10/23/2025 BK - FIL